| 000 | 00364nam a22001457a 4500 | ||
|---|---|---|---|
| 003 | OSt | ||
| 005 | 20160727222417.0 | ||
| 008 | 160625b xxu||||| |||| 00| 0 eng d | ||
| 040 | _cTEST | ||
| 100 |
_91150 _aHammond, C.B |
||
| 245 | _aGreat Cities of the World | ||
| 260 |
_aN.J _bC.S HAMMOND & CORN. _cMCML VLL |
||
| 300 | _aGreat Cities of the World | ||
| 942 |
_2ddc _cBK |
||
| 999 |
_c932 _d932 |
||